Salima 13. Mezinárodní potravinářský salon. EMBAX-PRINT. INTRAMA. Brno, ČSFR, 1.3.-7.3.1991

Salvato in:
Dettagli Bibliografici
Natura: Libro
Lingua:ceco
Pubblicazione: Brno Brněnské veletrhy a výstavy 1991
Edizione:1. vyd.
Tags: Aggiungi Tag
Nessun Tag, puoi essere il primo ad aggiungerne!!

MARC

LEADER 00000nam a2200000 4500
001 c036239
005 20221214094804.5
041 0 |a cze 
044 |a CZ 
245 1 0 |a Salima  |b 13. Mezinárodní potravinářský salon. EMBAX-PRINT. INTRAMA. Brno, ČSFR, 1.3.-7.3.1991 
250 |a 1. vyd. 
264 1 |a Brno  |b Brněnské veletrhy a výstavy  |c 1991 
300 |a Prerušované stránkovanie